| 000 | 00847nam a2200277Ia 4500 | ||
|---|---|---|---|
| 001 | Z_354 | ||
| 003 | CHAP | ||
| 008 | 220113s1981 xx 000 0 und d | ||
| 010 | _a163330 | ||
| 040 | _cCHAP | ||
| 090 | _aTesis C 260 | ||
| 100 |
_aClemente Sánchez, Fernando _923773 |
||
| 245 |
_aAlternativas de alimentación de ovinos para abasto en la Región del Llano, Aguascalientes / _cpor Fernando Clemente Sánchez |
||
| 260 |
_aChapingo, Méx. : _bEl autor, _c1981 |
||
| 300 | _a44 h. | ||
| 502 | _aTesis (Ing. Agrónomo Esp. en Zootecnia) -- UACH. Departamento de Zootecnia | ||
| 650 |
_aGanado lanar _xAguascalientes _945152 |
||
| 650 |
_aGanado lanar _xAlimentación _945153 |
||
| 650 |
_aGanado lanar _xEngorda _945175 |
||
| 901 | _aTESIS C 260 | ||
| 902 | _aM | ||
| 910 | _a1981 | ||
| 942 | _c2 | ||
| 942 | _c2 | ||
| 999 |
_c163330 _d163330 |
||